A carregar...
Fish vaccination
| Autor principal: | |
|---|---|
| Outros Autores: | |
| Formato: | Printed Book |
| Idioma: | English |
| Publicado em: |
Wiley Blackwell
2014
|
| LEADER | 00489 a2200157 4500 | ||
|---|---|---|---|
| 005 | 20151028162656.0 | ||
| 008 | 150211b xxu||||| |||| 00| 0 eng d | ||
| 020 | |a 9780470674550 | ||
| 082 | |a 597.029 |b Q4 | ||
| 100 | |a Gudding, Roar | ||
| 245 | |a Fish vaccination | ||
| 260 | |c 2014 |b Wiley Blackwell | ||
| 700 | |a Lillehaug, Atle | ||
| 942 | |c BK |6 _ | ||
| 999 | |c 83815 |d 83815 | ||
| 952 | |0 0 |1 0 |2 ddc |4 0 |6 597029_Q4 |7 0 |9 103331 |a SOS |b SOS |d 2014-12-12 |l 2 |o 597.029 Q4 |p MS015990 |r 2015-10-27 |s 2015-10-27 |w 2014-12-12 |y BK | ||